Vínculos en femenino : representaciones relacionales de mujeres y maternidad en la literatura. Vol. 1 /

Bibliographic Details
Other Authors: Martori, Claudia (Editor), Corbett, Alyce, 1990- (Editor)
Format: Electronic eBook
Language:Spanish
Published: Madrid : Dykinson, S.L., [2024]
Edition:1a edición.
Series:Colección Literatura y feminismo ; 4.
Subjects:
Online Access:Digitalia Hispánica

MARC

LEADER 00000nam a2200000 i 4500
001 DIGDYK3991
003 NyNyDIG
007 cr |||||||||||
008 250401s2024 sp ob 000 0 spa d
006 m o d
035 |a (OCoLC)1514691508 
040 |a DGITA  |b eng  |e rda  |e pn  |c DGITA 
020 |a 9788411701808  |q eBook 
050 1 4 |a PN56.F46 ebook 
245 0 0 |a Vínculos en femenino :  |b representaciones relacionales de mujeres y maternidad en la literatura.  |n Vol. 1 /  |c Claudia Martori y Alyce Corbett (eds.). 
250 |a 1a edición. 
264 1 |a Madrid :  |b Dykinson, S.L.,  |c [2024] 
300 |a 1 online resource. 
336 |a text  |b txt  |2 rdacontent 
337 |a computer  |b c  |2 rdamedia 
338 |a online resource  |b cr  |2 rdacarrier 
347 |a text file  |2 rdaft 
347 |b PDF 
490 1 |a Colección Literatura y feminismo ;  |v no. 4 
504 |a Includes bibliographical references. 
588 0 |a Online resource; title from PDF title page (Digitalia, viewed April 1, 2025) 
650 0 |a Feminism and literature. 
650 0 |a Women in literature. 
650 0 |a Motherhood in literature. 
700 1 |a Martori, Claudia,  |e editor. 
700 1 |a Corbett, Alyce,  |d 1990-  |e editor. 
791 2 |a Digitalia (Firm),  |e distributor. 
793 0 |g Digitalia eBook Collection:  |a Dykinson Editorial 
830 0 |a Colección Literatura y feminismo ;  |v 4. 
856 4 0 |3 Digitalia Hispánica  |u https://www.digitaliapublishing.com/a/170858/ 
910 |a Premium collection: 2025